Manual para afrontar el trastorno bipolar: aprendiendo a manejar mis emociones (Registro nro. 3314)

Detalles MARC
000 -Cabecera
Campo de control de longitud fija 00822aam a2200289 4500
005 - Fecha y hora de la última transacción
Campo de control 20250826144105.0
008 - Elementos de longitud fija--Información general
Campo de control de longitud fija 150326b2006 xxu||||| |||| 00| 0 spa d
020 ## - International Standard Book Number
Número Internacional Estándar del Libro (ISBN) 9977881030
041 ## - Idioma
Código de idioma Español
082 ## - Clasificación Decimal Dewey
Número de clasificación 616.895 E19m
100 ## - Entrada principal--Autor personal
Nombre personal Echeverri Echeverría, Paola
9 (RLIN) 28173
100 ## - Entrada principal--Autor personal
Nombre personal Lamicq Reyes, Karla
245 ## - Título propiamente dicho
Título Manual para afrontar el trastorno bipolar: aprendiendo a manejar mis emociones
260 ## - Pie de imprenta
Lugar de publicación, distribución, etc. Costa Rica
260 ## - Pie de imprenta
Nombre del editor, distribuidor, etc. Editorama
260 ## - Pie de imprenta
Fecha de publicación, distribución, etc. 2006
300 ## - Descripción física
Extensión 66 páginas
490 ## - Serie
Título de la Serie Temática General
650 ## - Materia general
Temática (materia general) TRASTORNO BIPOLAR
650 ## - Materia general
Temática (materia general) TRASTORNOS MENTALES
650 ## - Materia general
Temática (materia general) TRASTORNOS DE LA PERSONALIDAD
650 ## - Materia general
Temática (materia general) ENFERMEDADES MENTALES
650 ## - Materia general
Temática (materia general) PSIQUIATRÍA
650 ## - Materia general
Temática (materia general) TRATAMIENTO FARMACOLÓGICO
650 ## - Materia general
Temática (materia general) TRATAMIENTO PSICOLÓGICO
942 ## - Punto de acceso adicional KOHA
Tipo de ítem KOHA Libro
Fuente del sistema de clasificación o colocación Dewey Decimal Classification
Existencias
Signatura completa Código de barras Programa Académico Tipo de ítem
616.895 E19m 18195 Temática General Libro